| 000 | 01729nam0a2200337 4500 | ||
|---|---|---|---|
| 001 | RU\NLR\bibl\42287 | ||
| 005 | 20260406123149.0 | ||
| 010 |
_a5-93064-019-X _9150 |
||
| 021 |
_aRU _b99-21119 _91030 |
||
| 035 | _a(NLR Aleph) 000041214 | ||
| 090 |
_a215558 _c215558 |
||
| 100 | _a19990809d1999 |||y0rusy50 ca | ||
| 101 | 0 | _arus | |
| 102 | _aRU | ||
| 105 | _ay ||||||||| | ||
| 200 | 1 |
_aОрганизация анестезиологического обеспечения хирургической помощи в медицине катастроф _eМетод. рекомендации МР N 98/296 _fМ-во здравоохранения Рос. Федерации, Всерос. центр медицины катастроф "Защита" _g[В.А. Белов и др.] |
|
| 210 |
_aМ. _cВЦМК "Защита" _d1999 |
||
| 215 |
_a19 с. _d20 |
||
| 606 | 0 |
_aАнестезиолого-реанимационная помощь в медицине катастроф _jМетодические пособия _92072781 _3RU\NLR\auth\661247631 |
|
| 606 | 0 |
_aХирургическая помощь в медицине катастроф _jМетодические пособия _92107232 _3RU\NLR\auth\661273837 |
|
| 606 | 0 |
_aОбезболивание _jМетодические пособия _9912946 _3RU\NLR\auth\6614080 |
|
| 686 | _aР11(2)23я8 | ||
| 686 | _aР451я8 | ||
| 702 | 1 |
_aБелов _bВ. А. _4220 |
|
| 712 | 0 | 2 |
_4570 _aМеждународный кинофестиваль _cКанны _3RU\NLR\AUTH\8815884 _9304888 |
| 801 | 0 |
_aRU _bNLR _c19990809 _gPSBO |
|
| 801 | 1 |
_aRU _bNLR _c19990809 |
|
| 852 |
_aNLR _j99-4/4850 |
||
| 942 | _cBOOK | ||
| 980 | _aNB | ||